000 00319nam a22001457a 4500
008 221130b ||||| |||| 00| 0 eng d
020 _a978135479398
041 _aeng
080 _a611
082 _a611GRE
100 _a10
101 _aANAT
245 _aHUMAN ANATOMY & PHYSIOLOGY
_cGREENE L.M
942 _2udc
_cBK
999 _c59042
_d59042